Someone you can build a nest in (Record no. 5204)

MARC details
000 -CABECERA
campo de control de longitud fija 01997nam a22002657a 4500
008 - DATOS DE LONGITUD FIJA--INFORMACIÓN GENERAL
campo de control de longitud fija 260109b |||||||| |||| 00| 0 eng d
020 ## - NÚMERO INTERNACIONAL ESTÁNDAR DEL LIBRO
Número Internacional Estándar del Libro 9780756419745
040 ## - FUENTE DE LA CATALOGACIÓN
Centro/agencia transcriptor tbs
041 ## - CÓDIGO DE LENGUA
Código de lengua del texto/banda sonora o título independiente eng
050 ## - SIGNATURA TOPOGRÁFICA DE LA BIBLIOTECA DEL CONGRESO
Número de clasificación PS3623.I8486
Número de documento/Ítem S66 2024
100 ## - ENTRADA PRINCIPAL--NOMBRE DE PERSONA
Nombre de persona Wiswell, John
Fechas asociadas al nombre 1981-
9 (RLIN) 26590
Término indicativo de función/relación author
245 ## - MENCIÓN DE TÍTULO
Título Someone you can build a nest in
Resto del título / John Wiswell.
260 ## - PUBLICACIÓN, DISTRIBUCIÓN, ETC.
Lugar de publicación, distribución, etc. New York, NY :
Nombre del editor, distribuidor, etc. DAW Books,
Fecha de publicación, distribución, etc. 2024.
300 ## - DESCRIPCIÓN FÍSICA
Extensión 310 pages ;
Dimensiones 22 cm.
520 ## - SUMARIO, ETC.
Sumario, etc. Shesheshen has made a mistake fatal to all monsters: she’s fallen in love.<br/><br/>Shesheshen is a shapeshifter, who happily resides as an amorphous lump at the bottom of a ruined manor. When her rest is interrupted by impolite monster hunters, she constructs a body from the remains of past meals: a metal chain for a backbone, borrowed bones for limbs, and a bear trap as an extra mouth.<br/><br/>Badly hurt by the hunters, Shesheshen’s nursed back to health by Homily, a warm-hearted human. Homily is kind and would make a great co-parent: an ideal place to lay Shesheshen’s eggs so their young can devour Homily from the inside out. But as they grow close, Shesheshen realizes that eating her girlfriend isn’t an option.<br/><br/>Just as Shesheshen’s about to confess her identity, Homily reveals something else: she’s hunting a shapeshifting monster that supposedly cursed her family. Has Shesheshen seen it anywhere?<br/><br/>Shesheshen didn’t curse anyone, so now she has to figure out why Homily’s twisted family thinks she did. As Shesheshen’s hunt for the monster becomes increasingly deadly, the bigger challenge remains: learning how to build a life with, rather than in, the woman she loves.
650 #0 - PUNTO DE ACCESO ADICIONAL DE MATERIA--TÉRMINO DE MATERIA
Término de materia o nombre geográfico como elemento de entrada Blessing and cursing
Subdivisión de forma Fiction
9 (RLIN) 26547
650 #0 - PUNTO DE ACCESO ADICIONAL DE MATERIA--TÉRMINO DE MATERIA
Término de materia o nombre geográfico como elemento de entrada Lesbians
Subdivisión de forma Fiction
9 (RLIN) 24049
650 #0 - PUNTO DE ACCESO ADICIONAL DE MATERIA--TÉRMINO DE MATERIA
Término de materia o nombre geográfico como elemento de entrada Love
Subdivisión de forma Fiction
9 (RLIN) 24358
650 #0 - PUNTO DE ACCESO ADICIONAL DE MATERIA--TÉRMINO DE MATERIA
Término de materia o nombre geográfico como elemento de entrada Monsters
Subdivisión de forma Fiction
9 (RLIN) 26140
650 #0 - PUNTO DE ACCESO ADICIONAL DE MATERIA--TÉRMINO DE MATERIA
Término de materia o nombre geográfico como elemento de entrada Shapeshifting
Subdivisión de forma Fiction
9 (RLIN) 26591
655 #0 - TÉRMINO DE INDIZACIÓN--GÉNERO/FORMA
Datos o término principal de género/forma Monster fiction
9 (RLIN) 26141
655 #0 - TÉRMINO DE INDIZACIÓN--GÉNERO/FORMA
Datos o término principal de género/forma Paranormal fiction
9 (RLIN) 22925
655 #0 - TÉRMINO DE INDIZACIÓN--GÉNERO/FORMA
Datos o término principal de género/forma Fantasy fiction
9 (RLIN) 22510
942 ## - ELEMENTOS DE ENTRADA AGREGADA (KOHA)
Fuente del sistema de clasificación o colocación Clasificación de Library of Congress
Holdings
Estado de retiro Estado de pérdida Fuente del sistema de clasificación o colocación Estado dañado No para préstamo Biblioteca de origen Biblioteca actual Fecha de adquisición Total de préstamos Signatura topográfica completa Código de barras Fecha visto por última vez Número de copia Precio válido a partir de Tipo de ítem Koha
    Clasificación de Library of Congress     TBS Barcelona TBS Barcelona 09/01/2026   P-EN WIS B05607 09/01/2026 1 09/01/2026 Book

Powered by Koha